000
00318nam a2200133Ia 4500
008
260604s9999 xx 000 0 und d
020
_a
9781836593294
082
_a
158.1 CAR
100
_a
By marissa carter
_9
35669
245
0
_a
Personality Psychology
260
_b
Ed-Tech Press
500
_a
Psychology
942
_c
BK
999
_c
8493
_d
8493